| 000 | 00397nab a22001097u 4500 | ||
|---|---|---|---|
| 008 | 130520b2007 xxu||||| |||| 00| 0 spa d | ||
| 041 | _aspa | ||
| 100 | 1 |
_aWermter, Oskar _976641 |
|
| 245 | 0 | 0 |
_aLa tierra: un don de Dios para todos. El enfrentamiento violento en Zimbabwe por la propiedad de la tierra _cOskar Wermter |
| 773 | 0 |
_tConcilium _gnº320,2007,págs. 21-32 _x0210-1041 _wRev134 |
|
| 942 | _cAR | ||
| 999 |
_c380916 _d380916 |
||